| 000 | 00757cam a2200277 4500 | ||
|---|---|---|---|
| 001 | M1714 | ||
| 008 | 090401t xxu||||| |||| 00| 0 eng d | ||
| 035 | _a(Sirsi) u33917 | ||
| 041 | _aeng | ||
| 050 | _a690.241 | ||
| 100 | _aWingate, Michael | ||
| 245 | 3 | _aAn introduction to building limes. | |
| 260 |
_aLondon _bSPAB _c200? |
||
| 300 | _a4p. : ill. ; 30cm. | ||
| 350 | _a1 | ||
| 490 |
_aSPAB Information Sheet _v(9) |
||
| 500 | _aSuperseded by L132207 | ||
| 650 | _aCALCIUM CARBONATE | ||
| 650 | _aCONSERVATION | ||
| 650 | _aHISTORIC BUILDINGS | ||
| 650 | _aLIMESTONES | ||
| 690 | _aBUILDING AND CONSTRUCTION-REPAIRS AND MAINTENANCE | ||
| 710 |
_aSociety for the Protection of Ancient Buildings _92085 |
||
| 942 | _n0 | ||
| 948 | _c04/03/1997 | ||
| 999 |
_c89875 _d89875 |
||